Interpersonal sensitivity : (Record no. 26025)
[ view plain ]
| 000 -LEADER | |
|---|---|
| fixed length control field | 00555nam a22001697a 4500 |
| 005 - DATE AND TIME OF LATEST TRANSACTION | |
| control field | 20140313100411.0 |
| 008 - FIXED-LENGTH DATA ELEMENTS--GENERAL INFORMATION | |
| fixed length control field | 140110b xxu||||| |||| 00| 0 eng d |
| 020 ## - INTERNATIONAL STANDARD BOOK NUMBER | |
| International Standard Book Number | 9780415655286 |
| 050 ## - LIBRARY OF CONGRESS CALL NUMBER | |
| Classification number | HM 1106 |
| Item number | .In61 2012 |
| 245 ## - TITLE STATEMENT | |
| Title | Interpersonal sensitivity : |
| Remainder of title | theory and measurement / |
| Statement of responsibility, etc | edited by Judith A. Hall, Frank J. Bernieri. |
| 260 ## - PUBLICATION, DISTRIBUTION, ETC. (IMPRINT) | |
| Place of publication, distribution, etc | [S.L] : |
| Name of publisher, distributor, etc | Psychology Pr, |
| Date of publication, distribution, etc | 2012. |
| 300 ## - PHYSICAL DESCRIPTION | |
| Extent | xiv, 378 p. : |
| Other physical details | ill. ; |
| Dimensions | 24 cm. |
| 504 ## - BIBLIOGRAPHY, ETC. NOTE | |
| Bibliography, etc | Includes Bibliographic References and Index. |
| 521 ## - TARGET AUDIENCE NOTE | |
| Target audience note | |
| 942 ## - ADDED ENTRY ELEMENTS (KOHA) | |
| Source of classification or shelving scheme | Library of Congress Classification |
| Koha item type | Books |
| Call number prefix | Foreign |
| Withdrawn status | Lost status | Source of classification or shelving scheme | Damaged status | Home library | Current library | Shelving location | Date acquired | Total Checkouts | Full call number | Barcode | Date last seen | Copy number | Price effective from | Koha item type |
|---|---|---|---|---|---|---|---|---|---|---|---|---|---|---|
| Withdrawn | Library of Congress Classification | College Library | College Library | Reserve Section | 01/10/2014 | HM 1106 .In61 2012 | C17452 | 01/10/2014 | 1 | 01/10/2014 | Books |